Datum a čas kvízu
15
Celkem bodů
Celkový počet nahraných bodů na tomto kvízu bez doplňovacích otázek.
7.
Pořadí na kvízu
Konečné umístění týmu na tomto kvízu.
Zaznamenané odpovědi
| # | Otázka | Odpověď | Body | Výsledky |
|---|---|---|---|---|
| 1. | Která česká zoologická zahrada... | Zoo Plzeň | 1 | |
| 2. | Americký ministr zdravotnictví... | D | 1 | |
| 3. | Napište jméno skotského herce... | Iain Glen; Hra o trůny | 0 | |
| 4. | Kterou americkou komunikační p... | 0 | ||
| 5. | Na sociálních sítích jste mohl... | B) krasobruslení | 0 | |
| 6. | Hned v úvodu bod rozdělíme: za... | Ulánbátar; Altaj | 0 | |
| 7. | Z následujících možností vyber... | A | 0 | |
| 8. | Jak se jmenuje hudební skupina... | The Hu | 0 | |
| 9. | Tato obydlí se v Mongolsku ozn... | jurta | 1 | |
| 10. | Jak se jmenuje česká spisovate... | Petra Hůlová | 0 |